|
|
|
|
| LEADER |
00000cam a2200000 7i4500 |
| 001 |
0000000507 |
| 005 |
20030326.0 |
| 020 |
0 |
0 |
|a 9251005702
|
| 090 |
0 |
0 |
|a 634.973766
|b EUC 1981
|
| 245 |
0 |
0 |
|a EUCALYPTS for planting
|
| 260 |
0 |
0 |
|a Rome :
|b Food and Agriculture Organization ,
|c 1979, 1981
|
| 300 |
|
|
|a xxiv, 677 p. :
|b ill. (some col.), [32] leaves of plates ;
|c 25 cm.
|
| 440 |
0 |
0 |
|a FAO forestry series; n. 11
|
| 500 |
0 |
0 |
|a Bibliography: [p. 648-677] and index
|
| 650 |
0 |
0 |
|a Eucalyptus
|
| 710 |
1 |
1 |
|a Food and Agriculture Organization of the United Nations (FAO)
|
| 998 |
|
|
|a JPSM
|
| 999 |
|
|
|a 0000000073
|b Monograph
|c Open Shelf
|e Default branch
|
| 999 |
|
|
|a 0000000074
|b Monograph
|c Open Shelf
|e Default branch
|
| 999 |
|
|
|a 0000000075
|b Monograph
|c Open Shelf
|e Default branch
|